Guess the Mystery Song from the Lyrics #17 - Statistics

General Stats
  • This quiz has been taken 20 times
  • The average score is 128 of 237
Answer Stats
Lyrics % Correct
a
100%
A
100%
you
100%
and
94%
And
94%
(And
94%
I
94%
(I
94%
the
94%
The
94%
to
94%
do
83%
go
83%
are
78%
not
78%
On
78%
on
78%
so
78%
is
72%
it
72%
will
72%
you're
72%
I'm
67%
my
67%
when
67%
where
67%
day
61%
Every
61%
get
61%
that
61%
all
56%
by
56%
for
56%
got
56%
It's
56%
it's
56%
just
56%
Oh
56%
I've
50%
Only
50%
Ooh
50%
or
50%
we're
50%
away
44%
night
44%
seems
44%
tell
44%
them
44%
always
39%
back
39%
been
39%
'Cause
39%
make
39%
people
39%
seen
39%
side
39%
sleep
39%
think
39%
alive
33%
cowboy
33%
days
33%
dead
33%
Dead
33%
home
33%
horse
33%
might
33%
ride
33%
ride)
33%
these
33%
wanted
33%
Wanted
33%
(wanted)
33%
ways
33%
alone
28%
bottle
28%
change
28%
cold
28%
drink
28%
drive
28%
drive)
28%
faces
28%
meet
28%
million
28%
names
28%
place
28%
rocked
28%
same
28%
separate
28%
Sometimes
28%
steel
28%
still
28%
their
28%
times
28%
walk
28%
Wanted Dead or Alive - Bon Jovi
28%
wasting
28%
Another
22%
everywhere
22%
keeps
22%
loaded
22%
play
22%
six-
22%
standing
22%
streets
22%
string
22%
tall
22%
travel
6%
No matching quizzes found
Score Distribution
Percent of People with Each Score
Percentile by Number Answered
Your Score History
You have not taken this quiz